SPIRIT OF THE BEAR / (Record no. 171420)

MARC details
000 -LEADER
fixed length control field 00971nam a22002897a 4500
003 - CONTROL NUMBER IDENTIFIER
control field OSt
005 - DATE AND TIME OF LATEST TRANSACTION
control field 20190305114528.0
008 - FIXED-LENGTH DATA ELEMENTS--GENERAL INFORMATION
fixed length control field 190305t20082008e ||||| |||| 00| 0 eng d
020 ## - INTERNATIONAL STANDARD BOOK NUMBER
International Standard Book Number 9781407541570
Terms of availability RM 26.90
Qualifying information hardback
040 ## - CATALOGING SOURCE
Original cataloging agency PPAK
Language of cataloging eng
Transcribing agency PPAK
Description conventions rda
082 04 - DEWEY DECIMAL CLASSIFICATION NUMBER
Edition number 23
Classification number 599.78
090 ## - LOCALLY ASSIGNED LC-TYPE CALL NUMBER (OCLC); LOCAL CALL NUMBER (RLIN)
Classification number (OCLC) (R) ; Classification number, CALL (RLIN) (NR) 599.78
Feature heading KIE
Feature heading R
100 1# - MAIN ENTRY--PERSONAL NAME
Personal name Kieling, Andreas.
Relator term author.
245 10 - TITLE STATEMENT
Title SPIRIT OF THE BEAR /
Statement of responsibility, etc. Andreas Kieling.
250 ## - EDITION STATEMENT
Edition statement English edition.
264 #1 - PRODUCTION, PUBLICATION, DISTRIBUTION, MANUFACTURE, AND COPYRIGHT NOTICE
Place of production, publication, distribution, manufacture Bath, England :
Name of producer, publisher, distributor, manufacturer Parragon Books Ltd ;
Date of production, publication, distribution, manufacture, or copyright notice 2008
Date of production, publication, distribution, manufacture, or copyright notice ©2008
300 ## - PHYSICAL DESCRIPTION
Extent 239 pages :
Other physical details color illustrations ;
Dimensions 32 cm
336 ## - CONTENT TYPE
Source rdacontent
Content type term text
337 ## - MEDIA TYPE
Source rdamedia
Media type term unmediated
338 ## - CARRIER TYPE
Source rdacarrier
Carrier type term volume
500 ## - GENERAL NOTE
General note "Spectacular photographs and fascinating persepectives"--Cover. <br/>
General note Over 200 photographs capture many aspects of the live of brown bears, polar bears and American black bears. <br/><br/>
General note Includes index.
650 10 - SUBJECT ADDED ENTRY--TOPICAL TERM
Topical term or geographic name entry element Bears.
942 ## - ADDED ENTRY ELEMENTS (KOHA)
Source of classification or shelving scheme Dewey Decimal Classification
Koha item type Book
Holdings
Withdrawn Not for loan Current library Shelving location Date acquired Full call number Barcode Date last seen Koha item type
  Not For Loan Perpustakaan Alor Setar Rujukan Dewasa 11/03/2019 R 599.78 KIE A01594587 11/03/2019 Book
  Not For Loan Perpustakaan Awam Sungai Petani Rujukan Dewasa 11/03/2019 R 599.78 KIE A01594588 11/03/2019 Book
  Not For Loan Perpustakaan Kulim Rujukan Dewasa 11/03/2019 R 599.78 KIE A01594589 11/03/2019 Book